[Event "Satu Mare Szabo Memorial"]
[Site "Satu Mare"]
[Date "2019.08.02"]
[Round "1"]
[White "Panush, Viktor"]
[Black "Svetushkin, Dmitry"]
[Result "0-1"]
[WhiteElo "1959"]
[BlackElo "2542"]
[PlyCount "64"]
[EventDate "2019.08.02"]
[EventType "swiss"]
[EventRounds "9"]
[EventCountry "ROU"]
[SourceTitle "CBM 191 Extra"]
[Source "ChessBase"]
[SourceDate "2019.09.30"]
[SourceVersion "1"]
[SourceVersionDate "2019.09.30"]
[SourceQuality "1"]

1. Nf3 Nf6 2. c4 c6 3. d4 d5 4. Nc3 dxc4 5. a4 Bf5 6. e3 e6 7. Bxc4 Bb4 8. 0-0 0-0 9. Qe2 Bg4 10. Rd1 Nbd7 11. e4 h6 12. e5 Nd5 13. Ne4 Qe7 14. Ng3 f6 15. h3 Bxf3 16. gxf3 fxe5 17. dxe5 Qh4 18. Kg2 Nc5 19. Qf1 Rad8 20. Be3 Nd7 21. Rd4 Qe7 22. Re4 Bc5 23. Bd2 Rf7 24. Rae1 N7b6 25. Bd3 Bb4 26. Rd1 Bxd2 27. Rxd2 Nd7 28. Bb1 Nxe5 29. Qe2 Ng6 30. Kf1 Ngf4 31. Rxf4 Nxf4 32. Qe4 g5 0-1

[Event "Arad op 12th"]
[Site "Arad"]
[Date "2019.07.31"]
[Round "9"]
[White "Isfan, Ioan Marius"]
[Black "Panush, Viktor"]
[Result "1-0"]
[WhiteElo "2164"]
[BlackElo "1957"]
[PlyCount "77"]
[EventDate "2019.07.24"]
[EventType "swiss"]
[EventRounds "9"]
[EventCountry "ROU"]
[SourceTitle "CBM 191 Extra"]
[Source "ChessBase"]
[SourceDate "2019.09.30"]
[SourceVersion "1"]
[SourceVersionDate "2019.09.30"]
[SourceQuality "1"]

1. d4 Nf6 2. Nf3 g6 3. Nbd2 Bg7 4. e4 d6 5. Bd3 0-0 6. 0-0 c5 7. c3 Qc7 8. Re1 cxd4 9. cxd4 Nc6 10. a3 Nd7 11. Nb3 a5 12. Be3 a4 13. Nbd2 e5 14. Rc1 exd4 15. Nxd4 Nc5 16. Nb5 Qe7 17. Nc4 Ne5 18. Bxc5 dxc5 19. Nb6 Qd8 20. Nd5 b6 21. Bf1 Bb7 22. f4 Nc6 23. e5 Nd4 24. Ndc7 Rb8 25. Nxd4 Qxc7 26. Nb5 Qc6 27. Qxa4 Rbd8 28. Rc2 Rd7 29. Qb3 Rfd8 30. Nd6 Rxd6 31. exd6 Qxd6 32. Kh1 Bd4 33. Bc4 Rf8 34. Rce2 Bc6 35. Rf1 Kg7 36. f5 g5 37. f6+ Kg8 38. Qh3 Rd8 39. Bxf7+ 1-0

[Event "Arad op 12th"]
[Site "Arad"]
[Date "2019.07.30"]
[Round "8"]
[White "Panush, Viktor"]
[Black "Manea, Alexandru"]
[Result "1/2-1/2"]
[WhiteElo "1957"]
[BlackElo "2333"]
[PlyCount "59"]
[EventDate "2019.07.24"]
[EventType "swiss"]
[EventRounds "9"]
[EventCountry "ROU"]
[SourceTitle "CBM 191 Extra"]
[Source "ChessBase"]
[SourceDate "2019.09.30"]
[SourceVersion "1"]
[SourceVersionDate "2019.09.30"]
[SourceQuality "1"]

1. Nf3 Nf6 2. g3 d5 3. Bg2 c6 4. 0-0 Bg4 5. d3 e6 6. c4 Nbd7 7. Nc3 Be7 8. Be3 0-0 9. Qb3 Qc7 10. Rac1 Rfc8 11. h3 Bxf3 12. Bxf3 dxc4 13. dxc4 Nc5 14. Qc2 a5 15. b3 Rd8 16. Rcd1 h6 17. Kg2 Rxd1 18. Rxd1 Rd8 19. Rxd8+ Qxd8 20. Qd2 Qxd2 21. Bxd2 Bd6 22. Be3 Nfd7 23. Ne4 Nxe4 24. Bxe4 Kf8 25. Bd2 Bb4 26. Bc1 Bc5 27. Bd2 Bb4 28. Bc1 Bc5 29. Bd2 Bb4 30. Bc1 1/2-1/2

[Event "Arad op 12th"]
[Site "Arad"]
[Date "2019.07.25"]
[Round "3"]
[White "Kantorik, Marian"]
[Black "Panush, Viktor"]
[Result "1-0"]
[WhiteElo "2196"]
[BlackElo "1957"]
[PlyCount "55"]
[EventDate "2019.07.24"]
[EventType "swiss"]
[EventRounds "9"]
[EventCountry "ROU"]
[SourceTitle "CBM 191 Extra"]
[Source "ChessBase"]
[SourceDate "2019.09.30"]
[SourceVersion "1"]
[SourceVersionDate "2019.09.30"]
[SourceQuality "1"]

1. d4 Nf6 2. c4 g6 3. Nc3 Bg7 4. e4 d6 5. f4 0-0 6. Nf3 c5 7. d5 b5 8. cxb5 a6 9. a4 axb5 10. Bxb5 Ba6 11. Bxa6 Nxa6 12. 0-0 Qb6 13. e5 Ng4 14. Qe2 Rfb8 15. h3 Nh6 16. g4 Nc7 17. Rf2 Qb7 18. Qd3 Qc8 19. Rg2 Rb4 20. Be3 Qd7 21. Qd2 Rab8 22. Ra2 Kh8 23. f5 Ng8 24. Ng5 Qe8 25. Nf3 dxe5 26. Bxc5 Rf4 27. Ne1 Qd8 28. a5 1-0

[Event "Arad op 10th"]
[Site "Arad"]
[Date "2017.08.06"]
[Round "1"]
[White "Jianu, Vlad Cristian"]
[Black "Panush, Viktor"]
[Result "1-0"]
[WhiteElo "2558"]
[BlackElo "1991"]
[PlyCount "55"]
[EventDate "2017.08.06"]
[EventType "swiss"]
[EventRounds "9"]
[EventCountry "ROU"]
[SourceTitle "CBM 179 Extra"]
[Source "ChessBase"]
[SourceDate "2017.08.23"]
[SourceVersion "1"]
[SourceVersionDate "2017.08.23"]
[SourceQuality "1"]

1. d4 d6 2. Nf3 Nf6 3. c4 g6 4. Nc3 Bg7 5. g3 0-0 6. Bg2 Nc6 7. 0-0 a6 8. h3 Rb8 9. e4 b5 10. cxb5 axb5 11. Re1 Nd7 12. Bg5 h6 13. Be3 e5 14. Rc1 exd4 15. Nxd4 Nxd4 16. Bxd4 Ne5 17. f4 c5 18. Bf2 Nc4 19. b3 b4 20. Nd5 Nb2 21. Qe2 Ra8 22. e5 Rxa2 23. exd6 Ra5 24. Ne7+ Kh7 25. Nc6 Ba6 26. Nxd8 Bxe2 27. Nc6 Nd3 28. Nxa5 1-0

[Event "Arad op 9th"]
[Site "Arad"]
[Date "2016.08.11"]
[Round "8"]
[White "Cvetkovic, Srdjan"]
[Black "Panush, Viktor"]
[Result "1/2-1/2"]
[WhiteElo "2301"]
[BlackElo "2025"]
[PlyCount "48"]
[EventDate "2016.08.06"]
[EventType "swiss"]
[EventRounds "9"]
[EventCountry "ROU"]
[SourceTitle "CBM 173 Extra"]
[Source "ChessBase"]
[SourceDate "2016.08.29"]
[SourceVersion "1"]
[SourceVersionDate "2016.08.29"]
[SourceQuality "1"]

1. c4 e5 2. g3 d6 3. Nc3 Be7 4. Bg2 f5 5. d4 Nd7 6. dxe5 Nxe5 7. b3 Nf6 8. Bb2 0-0 9. Nf3 Nxf3+ 10. Bxf3 c6 11. 0-0 Ng4 12. e3 Qe8 13. Bg2 Qg6 14. Ne2 Qh6 15. h3 Nf6 16. Qc2 f4 17. Nxf4 g5 18. Ne2 Bxh3 19. Bxh3 Qxh3 20. Qc3 Kf7 21. f3 Nh5 22. Rf2 Bf6 23. Qc2 Bxb2 24. Qxb2 Nxg3 1/2-1/2

[Event "Arad op 9th"]
[Site "Arad"]
[Date "2016.08.08"]
[Round "4"]
[White "David, Alexandru Vasile"]
[Black "Panush, Viktor"]
[Result "1-0"]
[WhiteElo "2406"]
[BlackElo "2025"]
[PlyCount "83"]
[EventDate "2016.08.06"]
[EventType "swiss"]
[EventRounds "9"]
[EventCountry "ROU"]
[SourceTitle "CBM 173 Extra"]
[Source "ChessBase"]
[SourceDate "2016.08.29"]
[SourceVersion "1"]
[SourceVersionDate "2016.08.29"]
[SourceQuality "1"]

1. d4 Nf6 2. c4 e6 3. Nc3 d5 4. cxd5 exd5 5. Bg5 Be7 6. e3 0-0 7. Bd3 h6 8. Bh4 b6 9. Nge2 c5 10. 0-0 Nc6 11. Bb5 Na5 12. f3 Bb7 13. Bf2 c4 14. Ba4 a6 15. Bc2 b5 16. a3 Nc6 17. Kh1 Bd6 18. h3 b4 19. axb4 Nxb4 20. Bb1 Re8 21. Qd2 Qe7 22. Re1 Rad8 23. Ng3 Bc8 24. Nf5 Bxf5 25. Bxf5 Nh5 26. Ne2 Bc7 27. Rad1 a5 28. Rg1 Qd6 29. g3 Re7 30. Rg2 Nf6 31. Nc3 Qc6 32. g4 Rde8 33. Rdg1 Nh7 34. h4 Qf6 35. e4 g6 36. e5 Qc6 37. Qxh6 Kh8 38. Bb1 Re6 39. Qd2 Rb8 40. Be3 Bd8 41. f4 Re8 42. f5 1-0

[Event "Iasi op"]
[Site "Iasi"]
[Date "2014.05.14"]
[Round "5"]
[White "Panush, Viktor"]
[Black "Tomici, Stefan"]
[Result "1/2-1/2"]
[WhiteElo "1981"]
[BlackElo "2254"]
[PlyCount "70"]
[EventDate "2014.05.10"]
[EventType "swiss"]
[EventRounds "9"]
[EventCountry "ROU"]
[SourceTitle "CBM 160 Extra"]
[Source "ChessBase"]
[SourceDate "2014.07.01"]
[SourceVersion "1"]
[SourceVersionDate "2014.07.01"]
[SourceQuality "1"]

1. Nf3 d5 2. b3 Nf6 3. Bb2 e6 4. e3 c5 5. Bb5+ Bd7 6. Be2 Nc6 7. 0-0 Bd6 8. d4 0-0 9. c4 Qe7 10. cxd5 exd5 11. dxc5 Bxc5 12. Nc3 Be6 13. Nb5 Rad8 14. Nbd4 Ne4 15. Rc1 Bd7 16. Qc2 Bd6 17. Rfd1 Bb8 18. Qb1 f5 19. Nb5 a6 20. Ba3 Nb4 21. Nc7 Bc6 22. Nxa6 Bd6 23. Nxb4 Bxb4 24. Bxb4 Qxb4 25. Qb2 f4 26. Rd4 Qe7 27. b4 fxe3 28. fxe3 Nd6 29. Qb3 Kh8 30. a4 Nf5 31. Rd2 d4 32. exd4 Bxf3 33. Bxf3 Nxd4 34. Qc3 Rxf3 35. gxf3 Nxf3+ 1/2-1/2

[Event "Kishinev ULIM op"]
[Site "Kishinev"]
[Date "2007.10.09"]
[Round "4"]
[White "Dergausov, Denis"]
[Black "Panush, Viktor"]
[Result "1/2-1/2"]
[WhiteElo "2031"]
[BlackElo "2235"]
[PlyCount "121"]
[EventDate "2007.10.06"]
[EventType "swiss"]
[EventRounds "9"]
[EventCountry "MDA"]
[SourceTitle "EXT 2008"]
[Source "ChessBase"]
[SourceDate "2007.11.25"]
[SourceVersion "1"]
[SourceVersionDate "2007.11.25"]
[SourceQuality "1"]

1. e4 e5 2. Nf3 Nc6 3. Bb5 a6 4. Ba4 Nf6 5. 0-0 Nxe4 6. d4 b5 7. Bb3 d5 8. dxe5 Be6 9. c3 Bc5 10. Nbd2 0-0 11. Nxe4 dxe4 12. Ng5 Bxb3 13. axb3 e3 14. Qh5 exf2+ 15. Kh1 Qd3 16. Bf4 h6 17. Nh3 Rae8 18. Nxf2 Bxf2 19. Rxf2 Qe4 20. Bg3 Re6 21. Raf1 Qg6 22. Qe2 f6 23. Qf3 Nxe5 24. Bxe5 Rxe5 25. Qb7 Qf7 26. b4 Re6 27. Ra1 Rfe8 28. Rff1 Re2 29. Rxa6 Qc4 30. Qf3 R2e3 31. Qf2 Qd5 32. Raa1 Re2 33. Qf3 Qxf3 34. Rxf3 Rxb2 35. h3 Ree2 36. Ra8+ Kf7 37. Rg3 Re1+ 38. Kh2 Rbb1 39. Rd3 Rh1+ 40. Kg3 Rb2 41. Rd7+ Ke6 42. Rxg7 Rc1 43. Rxc7 Rcc2 44. Kf3 Rxg2 45. Ra6+ Kf5 46. Rc5+ Kg6 47. Rxb5 Rh2 48. Kg3 Rbg2+ 49. Kf3 Rc2 50. Kg3 Rhd2 51. Rc5 Rd3+ 52. Kf4 Rdxc3 53. Rxc3 Rxc3 54. b5 Rxh3 55. Ra8 Rh4+ 56. Kg3 Rb4 57. Rg8+ Kf5 58. Rh8 Rxb5 59. Rxh6 Rb3+ 60. Kf2 Kf4 61. Rxf6+ 1/2-1/2

[Event "Arad Vados"]
[Site "Arad"]
[Date "2007.09.22"]
[Round "3"]
[White "Bogdan, Dan"]
[Black "Panush, Viktor"]
[Result "1-0"]
[WhiteElo "2416"]
[BlackElo "2257"]
[PlyCount "73"]
[EventDate "2007.09.20"]
[EventType "tourn"]
[EventRounds "9"]
[EventCountry "ROU"]
[EventCategory "3"]
[SourceTitle "CBM 120 Extra"]
[Source "ChessBase"]
[SourceDate "2007.11.01"]
[SourceVersion "1"]
[SourceVersionDate "2007.11.01"]
[SourceQuality "1"]

1. e4 e5 2. Nf3 Nc6 3. Bc4 Nf6 4. d3 Bc5 5. 0-0 0-0 6. c3 Bb6 7. a4 a6 8. h3 d6 9. Nbd2 Ba7 10. Ba2 Kh8 11. Nc4 Ng8 12. Ne3 Bxe3 13. Bxe3 f5 14. exf5 Bxf5 15. d4 Qf6 16. dxe5 Nxe5 17. Nxe5 Qxe5 18. Qd2 Qe8 19. Rfe1 Qg6 20. Kh2 Nf6 21. Bd4 Ne4 22. Qe2 Rae8 23. Be3 Nf6 24. Qf3 Ne4 25. Qe2 Nf6 26. f3 Re5 27. Qf2 Bd7 28. Bd4 Rh5 29. Qd2 Rh4 30. Re7 Bf5 31. Qf2 Qh6 32. Qg3 g5 33. Be3 Rh5 34. Rxc7 Re8 35. Re1 Rxe3 36. Rxe3 g4 37. fxg4 1-0

[Event "Bucharest op"]
[Site "Bucharest"]
[Date "2007.09.??"]
[Round "?"]
[White "Cosma, Ioan"]
[Black "Panush, Viktor"]
[Result "1-0"]
[WhiteElo "2467"]
[BlackElo "2257"]
[PlyCount "73"]
[EventDate "2007.09.??"]
[EventType "swiss"]
[EventRounds "9"]
[EventCountry "ROU"]
[SourceTitle "EXT 2010"]
[Source "ChessBase"]
[SourceDate "2010.11.25"]
[SourceVersion "1"]
[SourceVersionDate "2010.11.25"]
[SourceQuality "1"]

1. d4 Nf6 2. Nf3 c5 3. d5 e6 4. Nc3 d6 5. e4 e5 6. Be2 Be7 7. 0-0 0-0 8. Nd2 Na6 9. a4 Nc7 10. Nc4 Nce8 11. f4 Nd7 12. f5 Bg5 13. Ne3 Ndf6 14. g3 Rb8 15. h4 Bh6 16. Bf3 b6 17. Rf2 a6 18. g4 Bf4 19. g5 Nd7 20. Ne2 Bxe3 21. Bxe3 b5 22. axb5 Nc7 23. Rg2 Nxb5 24. c3 Nc7 25. Ng3 Ne8 26. h5 Qc7 27. f6 g6 28. Bg4 c4 29. hxg6 fxg6 30. Be6+ Kh8 31. Rh2 Nc5 32. Qg4 Nxe6 33. dxe6 Nxf6 34. gxf6 Rxf6 35. Qh4 Rxe6 36. Rf1 Bb7 37. Rhf2 1-0

[Event "Bucharest op"]
[Site "Bucharest"]
[Date "2007.09.??"]
[Round "?"]
[White "Matei, Adrian"]
[Black "Panush, Viktor"]
[Result "0-1"]
[WhiteElo "1981"]
[BlackElo "2257"]
[PlyCount "66"]
[EventDate "2007.09.??"]
[EventType "swiss"]
[EventRounds "9"]
[EventCountry "ROU"]
[SourceTitle "EXT 2010"]
[Source "ChessBase"]
[SourceDate "2010.11.25"]
[SourceVersion "1"]
[SourceVersionDate "2010.11.25"]
[SourceQuality "1"]

1. e4 e5 2. Nf3 Nc6 3. Bc4 Nf6 4. d3 Be7 5. 0-0 0-0 6. Nc3 d6 7. h3 Na5 8. Bb3 Nxb3 9. axb3 Ne8 10. Be3 c5 11. Nd5 Nc7 12. Nxe7+ Qxe7 13. b4 b6 14. bxc5 dxc5 15. Nh2 Ne6 16. Qh5 Nd4 17. Bxd4 cxd4 18. f4 exf4 19. Rxf4 Be6 20. Rh4 h6 21. Ng4 Qg5 22. Rf1 Rac8 23. e5 Qxh5 24. Rxh5 Rxc2 25. Rf4 Rd8 26. Nxh6+ gxh6 27. Rxh6 Rd5 28. Rh5 Rxb2 29. Rg5+ Kf8 30. h4 Re2 31. g3 Ra5 32. Rf1 Bh3 33. Rc1 Raa2 0-1

[Event "Kishinev Victoriei Cup"]
[Site "Kishinev"]
[Date "2007.05.07"]
[Round "2"]
[White "Panush, Viktor"]
[Black "Khamitskiy, Sergei"]
[Result "0-1"]
[WhiteElo "2226"]
[BlackElo "2329"]
[PlyCount "36"]
[EventDate "2007.04.30"]
[EventType "tourn"]
[EventRounds "14"]
[EventCountry "MDA"]
[SourceTitle "EXT 2022"]
[Source "ChessBase"]
[SourceDate "2021.10.06"]
[SourceVersion "1"]
[SourceVersionDate "2021.10.06"]
[SourceQuality "1"]

1. e4 e6 2. d4 d5 3. Nc3 Bb4 4. e5 Qd7 5. Bd2 Nc6 6. Bd3 b6 7. Qe2 Bf8 8. Be3 f6 9. f4 Nh6 10. g4 Bb7 11. g5 fxg5 12. fxg5 Nf7 13. Nh3 0-0-0 14. a3 Nfxe5 15. dxe5 d4 16. 0-0-0 dxc3 17. Ba6 cxb2+ 18. Kxb2 Bxa3+ 0-1